000 00727nam a22002297a 4500
003 KOHA_MİRAKIL
005 20260416094356.0
008 260416b tu ||||| |||| 00| 0 tur d
020 _a9786259384351
040 _aTR-AnABB
_btur
_cTR-AnABB
041 _atur
082 _a711.7
_bERC 2025
100 1 _aErçetin, Cihan
245 1 0 _aKentsel ulaşımda erişilebilirlik :
_bengelleri anlamak, engelleyenleri bulmak /
_cCihan Erçetin
250 _a2. baskı
260 _aAnkara :
_bİdealkent Yayınları,
_c2025
300 _a260 sayfa :
_bfotoğraf ;
_c20 cm
650 0 4 _aŞehir planlama, erişilebilirlik
650 0 4 _aŞehir planlama
900 _bCan ÇELIK
942 _2ddc
_cBK
999 _c10289
_d10289